| 000 | 00425nam a2200181Ia 4500 | ||
|---|---|---|---|
| 003 | GCL | ||
| 008 | 140319s9999 xx 000 0 eng d | ||
| 040 |
_aGCL / _cGCL |
||
| 082 | 0 | 4 |
_a230 _bL M |
| 100 | 1 | _aLEWIS, C.S. | |
| 245 | 1 | 0 |
_aMERE CHRISTIANITY / _cLEWIS, C.S. |
| 260 |
_a[S.N] : _bFONTANA BOOKS ، _c1960 |
||
| 300 | _a188 P | ||
| 650 | 0 | 4 | _aRELIGION |
| 650 | 0 | 4 | _aCHRISTIANITY |
| 650 | 0 | 4 | _aGOD |
| 942 |
_2ddc _cBK |
||
| 999 |
_c15268 _d15268 |
||